000 00867nam a22002774a 4500
001 ESSALUD
007 ta
008 t1982 pe gr 00| 0 spa d
040 _aESSALUD
041 _aspa
043 _cpe
082 _a368.4201
_bIN59/1982
110 _aInstituto Peruano de Seguridad Social. Oficina de Actuariado y Estadística
_eautor
_942751
245 _aBoletín estadístico de prestaciones de salud: año 1982
250 _a1 ed.
260 _aLima :
_bIPSS,
_c1982
300 _a55 páginas
650 _aESTADÍSTICAS DE ATENCIÓN MÉDICA
_911557
650 _aESTADÍSTICAS HOSPITALARIAS
_943336
650 _aATENCIÓN AMBULATORIA
650 _aACCIDENTES DE TRABAJO
_92907
650 _aENFERMEDADES PROFESIONALES
_914771
650 _aSEGURIDAD SOCIAL
_92070
653 _aPRESTACIONES ECONÓMICAS
942 _cBK
_e2026-06-24
_zAFC
999 _c22549
_d22549